|
|
|
|
| LEADER |
00977nam a2200313 4500 |
| 001 |
DLU090092562 |
| 005 |
##20091201 |
| 040 |
# |
# |
|a DLU
|b eng
|
| 041 |
# |
# |
|a eng
|
| 044 |
# |
# |
|a us
|
| 100 |
# |
# |
|a Negrete-Raymond, Ana C.
|
| 245 |
# |
# |
|a Catabolism of arylboronic acids by arthrobacter nicotinovorans strain PBA /
|c Ana C. Negrete-Raymond, Barbara Weder, Lawrence P. Wackett.
|
| 653 |
# |
# |
|a Arthrobacter nicotinovorans
|
| 653 |
# |
# |
|a Arylboronic Acids
|
| 653 |
# |
# |
|a Catabolism
|
| 653 |
# |
# |
|a Oxygen
|
| 653 |
# |
# |
|a Substrates
|
| 700 |
# |
# |
|a Wackett, Lawrence P.
|
| 700 |
# |
# |
|a Weder, Barbara.
|
| 773 |
# |
# |
|t Applied and Environmental Microbiology
|g Vol. 69, no. 7 (July 2003), p. 4263-4267
|
| 920 |
# |
# |
|a Phòng Tạp chí -- Trung tâm Thông tin - Thư viện Trường Đại học Đà Lạt
|
| 994 |
# |
# |
|a DLU
|
| 900 |
# |
# |
|a True
|
| 911 |
# |
# |
|a Trương Bảo Trâm Anh
|
| 925 |
# |
# |
|a G
|
| 926 |
# |
# |
|a A
|
| 927 |
# |
# |
|a BB
|
| 980 |
# |
# |
|a Thư viện Trường Đại học Đà Lạt
|